000 00674nam a2200289Ia 4500
005 20260324130115.0
008 008 260324s9999 xx 000 0 eng d
020 _a9781315889153
037 _aEBOOK
040 _aCRL
040 _beng
040 _cCRL
041 _2eng
041 _aeng
084 _qCRL
100 _aWinston L King
_91180535
245 0 _aBuddhism and Christianity
245 0 _bSome Bridges of Understanding
260 _bTaylor and Francis
260 _c2008
365 _a
365 _b290
856 _uhttp://www.taylorfrancis.com/books/9781315889153
942 _cEBOOK
999 _c1776396
_d1776396